| 000 | 00469nam a2200181Ia 4500 | ||
|---|---|---|---|
| 001 | 12990 | ||
| 005 | 20260306163021.0 | ||
| 008 | 260306t2002||||xx |||||||||||||| ||spa|| | ||
| 041 | _aESP | ||
| 082 |
_aRD 603 _bC75 |
||
| 100 |
_aCollazo, Javier L. _eAUT |
||
| 245 | 0 |
_aDiccionario enciclopédico de términos técnicos: _bInglés-español, español-inglés |
|
| 260 | _c2002 | ||
| 300 |
_a _c26 cm. |
||
| 650 | _aGEN | ||
| 654 | _aCHU | ||
| 942 |
_cDIC _dJUS _fJUS _2ddc _n |
||
| 999 |
_c12990 _d12990 |
||